A la mar
Đã lưu trong:
| Tác giả chính: | |
|---|---|
| Tác giả khác: | |
| Định dạng: | Không biết |
| Ngôn ngữ: | Spanish |
| Được phát hành: |
San José, Costa Rica
Ediciones Promesa
[1998]
|
| Loạt: | Colección Poesía
|
| Những chủ đề: | |
| Các nhãn: |
Thêm thẻ
Không có thẻ, Là người đầu tiên thẻ bản ghi này!
|
MARC
| LEADER | 000000000a22000000004500 | ||
|---|---|---|---|
| 001 | 001876 | ||
| 003 | CIICLA | ||
| 005 | 20220514062538.0 | ||
| 007 | ta | ||
| 008 | 140129q1988 cr |||g |||| 000 p spa d | ||
| 020 | |a 9977947767 | ||
| 040 | |c cru CIICLA Universidad de Costa Rica | ||
| 041 | 0 | |a español | |
| 092 | 0 | |a CR861.4 O83am | |
| 100 | 1 | |a Ospina Garcés de Fonseca, Helena |d 1944- |9 7 | |
| 245 | 1 | 0 | |a A la mar |c Helena Ospina Garcés de Fonseca |
| 260 | |a San José, Costa Rica |b Ediciones Promesa |c [1998] | ||
| 300 | |a 190 páginas | ||
| 490 | 0 | |a Colección Poesía |x 35 | |
| 500 | |a número de inscripción 06188 | ||
| 650 | 4 | |a LITERATURA COSTARRICENSE |v POESIA |9 171 | |
| 700 | 1 | 2 | |a Ospina, Galia, |e prólogo |
| 942 | |2 ddc |c BK | ||
| 999 | |c 2767 |d 2767 | ||



